| 000 | 00907nam a22003257a 4500 | ||
|---|---|---|---|
| 001 | BR2013002327 | ||
| 003 | BR-BrBNA | ||
| 005 | 20230928104147.0 | ||
| 007 | ta | ||
| 008 | 230509b bl.||||| |||| 00| 0 por d | ||
| 040 |
_aBR-BrBNA _bpor _cBiblioteca Nacional de Agricultura |
||
| 041 | _a(Eng) | ||
| 072 | _aE71 | ||
| 090 | _ E71 BR2013002327 | ||
| 100 | 1 | _aSilva, L.H.B. da | |
| 245 | 1 | _aSPS procedures as barrier to international trade: a Brazilian case - "How effective is the SPS agreement to deal with procedural trade barriers | |
| 260 | 3 |
_aNetherlands (Hollands): _c[nd]. |
|
| 300 | _a37 p. | ||
| 500 | _a25 ref. | ||
| 650 | _aCOMÉRCIO EXTERIOR | ||
| 650 | _aSETOR AGRÍCOLA | ||
| 650 | _aPRODUTO | ||
| 650 | _aCARNE | ||
| 650 | _aSUÍNO | ||
| 650 | _aBOVINO | ||
| 650 | _aFRANGO | ||
| 650 | _aINSPEÇÃO SANITÁRIA | ||
| 909 |
_a202309 _bLucia _c55 _dLucia Elande |
||
| 942 | _cBK | ||
| 999 |
_c78439 _d78439 |
||